The book of pirates (Registro nro. 4267)
[ vista simple ]
| 000 -Cabecera | |
|---|---|
| Campo de control de longitud fija | 00504aam a2200205 4500 |
| 005 - Fecha y hora de la última transacción | |
| Campo de control | 20240729162350.0 |
| 008 - Elementos de longitud fija--Información general | |
| Campo de control de longitud fija | 150407b xxu||||| |||| 00| 0 spa d |
| 020 ## - International Standard Book Number | |
| Número Internacional Estándar del Libro (ISBN) | 0486413047 |
| 041 ## - Idioma | |
| Código de idioma | Inglés |
| 082 ## - Clasificación Decimal Dewey | |
| Número de clasificación | 813.52 P996b |
| 100 ## - Entrada principal--Autor personal | |
| Nombre personal | Pyle, Howard |
| 9 (RLIN) | 32074 |
| 245 ## - Título propiamente dicho | |
| Título | The book of pirates |
| 260 ## - Pie de imprenta | |
| Lugar de publicación, distribución, etc. | Estados Unidos |
| 260 ## - Pie de imprenta | |
| Nombre del editor, distribuidor, etc. | Dover Publications |
| 260 ## - Pie de imprenta | |
| Fecha de publicación, distribución, etc. | 2000 |
| 300 ## - Descripción física | |
| Extensión | 247 páginas |
| 650 ## - Materia general | |
| Temática (materia general) | LITERATURA ESTADOUNIDENSE |
| 650 ## - Materia general | |
| Temática (materia general) | NOVELA ESTADOUNIDENSE |
| 942 ## - Punto de acceso adicional KOHA | |
| Tipo de ítem KOHA | Literatura |
| Fuente del sistema de clasificación o colocación | Dewey Decimal Classification |
| Signatura completa | Código de barras | Tipo de ítem |
|---|---|---|
| 813.52 P996b | 16541 | Literatura |